|
|
|
|
| LEADER |
00000nas a2200000 a 4500 |
| 001 |
ssj0000802780 |
| 003 |
WaSeSS |
| 005 |
20200512172242.0 |
| 006 |
m d |
| 007 |
cr n |
| 008 |
110601c20119999nyuuu s 0 a0eng c |
| 010 |
|
|
|a 2012222289
|
| 016 |
7 |
|
|a 018976168
|2 Uk
|
| 022 |
|
|
|a 2090-4010
|l 2090-4002
|y 2090-4002
|
| 035 |
|
|
|a (WaSeSS)ssj0000802780
|
| 040 |
|
|
|a AU@
|b eng
|e pn
|c AU@
|d UV0
|d OCLCQ
|d CLU
|d OCLCQ
|d OCLCF
|d OCLCO
|d DLC
|d OCLCO
|d OCLCQ
|d UKMGB
|d VT2
|d WaSeSS
|
| 042 |
|
|
|a pcc
|
| 050 |
0 |
0 |
|a L11
|
| 245 |
0 |
0 |
|a Education research international
|h [electronic resource].
|
| 260 |
|
|
|a New York, NY :
|b Hindawi Pub. Corp.
|
| 362 |
1 |
|
|a Began with vol. 2011, article ID 487072.
|
| 506 |
|
|
|a License restrictions may limit access.
|
| 515 |
|
|
|a Articles are added continuously to each volume, one volume per calendar year.
|
| 588 |
|
|
|a Description based on: Vol. 2011, article ID 487072; title from journal home page (publisher's Web site, viewed on Apr. 24, 2012).
|
| 588 |
|
|
|a Latest issue consulted: Vol. 2016, article ID 6539626, (publisher's Web site, viewed on June 17, 2016).
|
| 650 |
|
0 |
|a Education
|v Periodicals.
|
| 650 |
|
7 |
|a Education.
|2 fast
|0 (OCoLC)fst00902499
|
| 655 |
|
0 |
|a Electronic journals.
|
| 710 |
2 |
|
|a Hindawi Publishing Corporation.
|
| 776 |
0 |
8 |
|i Print version:
|t Education research international
|x 2090-4002
|
| 850 |
|
|
|a DLC
|
| 856 |
4 |
0 |
|z Full text available from Research Library: 01/01/2012 to 12/31/2012
|u https://search.proquest.com/publication/1096450
|
| 856 |
4 |
0 |
|z Full text available from Research Library: 01/01/2014 to present
|u https://search.proquest.com/publication/1096450
|